[Event "ICS Rated blitz match"]
[Site "207.99.83.229"]
[Date "1999.06.23"]
[Round "?"]
[White "LoadedGun"]
[Black "Hossa"]
[Result "1-0"]
[WhiteElo "2021"]
[BlackElo "2333"]
[PlyCount "163"]

1. e4 c5 2. Nc3 d6 3. Nf3 Nf6 4. d4 cxd4 5. Nxd4 g6 6. Be3 Bg7 7. f3 O-O 8. Qd2
d5 9. e5 Ne8 10. f4 Nc6 11. g3 f6 12. Bg2 Nb4 13. a3 fxe5 14. fxe5 Na6 15.
Bxd5+ Kh8 16. Ndb5 e6 17. Bg2 Qxd2+ 18. Kxd2 Bxe5 19. Rhe1 Nd6 20. Nxd6 Bxd6
21. Bd4+ Kg8 22. Nb5 Bb8 23. Re2 Rf5 24. a4 Nb4 25. Ra3 a6 26. Rc3 Nc6 27. Rxc6
bxc6 28. Bxc6 axb5 29. Bxa8 bxa4 30. Bc6 Ra5 31. Re3 Bc7 32. Ra3 Ra6 33. Bxa4
Bd6 34. Ra2 Kf8 35. Bb3 Rxa2 36. Bxa2 e5 37. Be3 Kg7 38. c3 Kf6 39. b4 Bb7 40.
Bh6 g5 41. h4 gxh4 42. gxh4 Kg6 43. Be3 e4 44. Bg8 Bg3 45. h5+ Kxh5 46. Bxh7
Bd6 47. Bf5 Bd5 48. Kc1 Kh4 49. Kd1 Kg3 50. Bg6 Kf3 51. Kd2 Bc4 52. Bh5+ Kg3
53. Be2 Bb3 54. b5 Kg2 55. c4 Bb4+ 56. Kc1 Bc3 57. b6 Be5 58. Kd2 Kg3 59. c5
Ba4 60. Bc4 Bc6 61. Ke2 Bc3 62. Ba6 Bd7 63. Bg1 Kg2 64. Bf2 Bb2 65. Be3 Bc3 66.
Bf4 Bb4 67. Bd6 Bc6 68. b7 Bxb7 69. Bxb7 Kg1 70. Ke3 Kf1 71. Kxe4 Kf2 72. Kd5
Bc3 73. c6 Ke2 74. c7 Kd2 75. c8=Q Bg7 76. Bb4+ Ke2 77. Ba6+ Kf3 78. Qf5+ Kg3
79. Qg5+ Kf3 80. Bd6 Be5 81. Bxe5 Kf2 82. Qg3# {Hossa checkmated} 1-0

[Event "ICS rated blitz match"]
[Site "207.99.83.229"]
[Date "1999.06.23"]
[Round "?"]
[White "Hossa"]
[Black "Secret"]
[Result "0-1"]
[WhiteElo "2306"]
[BlackElo "2677"]
[PlyCount "69"]

1. e4 c5 2. Nc3 Nc6 3. g3 g6 4. Bg2 Bg7 5. d3 d6 6. Be3 e6 7. Qd2 Nge7 8. O-O-O
O-O 9. Bh6 Bxh6 10. Qxh6 f6 11. Nf3 Nd4 12. g4 e5 13. h3 b5 14. Nxd4 cxd4 15.
Nxb5 Rb8 16. c4 dxc3 17. Nxc3 Be6 18. b3 Qb6 19. Qe3 Qb4 20. Kd2 Rbc8 21. Rc1
Rc7 22. Qf3 d5 23. exd5 Bxd5 24. Qg3 Bxg2 25. Qxg2 Qf4+ 26. Ke2 Rfc8 27. h4
Rxc3 28. Rxc3 Rxc3 29. Ra1 Rc2+ 30. Kf1 Qd4 31. Rd1 Rxa2 32. Qf3 Nd5 33. Rc1
Rd2 34. Rc8+ Kf7 35. Ra8 {Hossa resigns} 0-1

[Event "ICS Rated standard match"]
[Site "207.99.83.229"]
[Date "1999.06.23"]
[Round "?"]
[White "Hossa"]
[Black "harrynelson"]
[Result "1-0"]
[WhiteElo "2201"]
[BlackElo "1829"]
[PlyCount "63"]

1. e4 e6 2. d4 d5 3. Nc3 Bb4 4. e5 Ne7 5. Nf3 c5 6. Bd2 Nbc6 7. dxc5 Bxc5 8.
Bd3 Ng6 9. Qe2 a6 10. O-O Bd7 11. Bg5 Qc7 12. Rae1 Nd4 13. Nxd4 Bxd4 14. Bd2
Nxe5 15. Nxd5 Qc5 16. Be3 Nxd3 17. Qxd3 Bxe3 18. Nxe3 Rd8 19. Rd1 O-O 20. Nc4
Bb5 21. Qxd8 Bxc4 22. Rfe1 Bd5 23. Qg5 Qxc2 24. Rd2 Qc6 25. b3 h6 26. Qg3 Rc8
27. Red1 b5 28. Qg4 a5 29. Qg3 b4 30. Qg4 Qc3 31. Rd3 Qb2 32. Rxd5 {
harrynelson resigns} 1-0

[Event "ICS rated bullet match"]
[Site "207.99.83.229"]
[Date "1999.06.23"]
[Round "?"]
[White "JSBach"]
[Black "Hossa"]
[Result "0-1"]
[WhiteElo "1994"]
[BlackElo "2456"]
[PlyCount "134"]

1. d4 Nf6 2. Nf3 g6 3. Bf4 d6 4. e3 Nh5 5. Bg5 h6 6. Bh4 g5 7. Nfd2 Ng7 8. Bg3
Nf5 9. Bb5+ Bd7 10. Bxd7+ Qxd7 11. Ne4 Na6 12. Qg4 O-O-O 13. O-O d5 14. Nc5
Nxc5 15. dxc5 Bg7 16. c3 h5 17. Qxg5 Bf6 18. Qf4 h4 19. e4 dxe4 20. Qxe4 hxg3
21. fxg3 Ng7 22. Qc4 Qd5 23. Qxd5 Rxd5 24. b4 Ne6 25. g4 Rg8 26. h3 Rd3 27. Kh2
Ng5 28. h4 Ne4 29. g5 Be5+ 30. Kg1 Nxc3 31. Nxc3 Bd4+ 32. Kh2 Rh8 33. g3 Bxc3
34. Rac1 Be5 35. Kh1 Bxg3 36. Rxf7 Bxh4 37. Kg1 Bxg5 38. Rcf1 Rd2 39. Rf8+ Rxf8
40. Rxf8+ Kd7 41. Rb8 Rxa2 42. Rxb7 Be3+ 43. Kf1 a5 44. bxa5 Rxa5 45. Ke2 Bxc5
46. Kf3 Bb6 47. Rb8 Re5 48. Kf4 Re2 49. Kg4 Re1 50. Kg3 e6 51. Kf3 Re5 52. Kf4
Re3 53. Rxb6 e5+ 54. Kxe3 cxb6 55. Ke4 Kd6 56. Ke3 Kd5 57. Ke2 Kd4 58. Kd2 e4
59. Ke2 b5 60. Kd2 b4 61. Ke2 b3 62. Kd2 b2 63. Kc2 e3 64. Kxb2 e2 65. Kb3 e1=Q
66. Ka4 Kc4 67. Ka3 67... Qa1# {JSBach checkmated} 0-1

[Event "ICS rated blitz match"]
[Site "207.99.83.229"]
[Date "1999.06.23"]
[Round "?"]
[White "JSBach"]
[Black "Hossa"]
[Result "0-1"]
[WhiteElo "2028"]
[BlackElo "2303"]
[PlyCount "212"]

1. d4 Nf6 2. Bf4 e6 3. Nd2 Bd6 4. Bxd6 cxd6 5. e4 O-O 6. Bd3 Nc6 7. Ngf3 Nh5 8.
Nc4 d5 9. Nd6 dxe4 10. Bxe4 Qc7 11. Nxc8 Raxc8 12. O-O d5 13. Bd3 Nf4 14. c3
Nxd3 15. Qxd3 Qf4 16. Rae1 a5 17. Qb5 Rc7 18. a3 Re7 19. Ne5 Nxe5 20. Rxe5 f6
21. Ree1 Ra8 22. Qb6 Qf5 23. Qc5 Rd7 24. Qb5 Rf7 25. Qe2 Ra6 26. Qe3 Rb6 27.
Qd2 Qg4 28. f3 Qf5 29. g4 Qg5 30. Qc2 Qf4 31. Qa4 Rxb2 32. Qe8+ Rf8 33. Qxe6+
Kh8 34. Re2 Rxe2 35. Qxe2 f5 36. Qe5 fxg4 37. Qxd5 gxf3 38. Kh1 b6 39. a4 f2
40. Qc6 g6 41. Qd5 Kg7 42. Qb7+ Kh6 43. Qg2 Qe3 44. Qg4 Qxc3 45. Qh4+ Kg7 46.
Qe7+ Rf7 47. Qe4 Qh3 48. Qe2 Qf5 49. Qe5+ Qxe5 50. dxe5 Rf4 51. h3 Rxa4 52.
Rxf2 Re4 53. Rb2 Rxe5 54. Rxb6 Re2 55. Rb7+ Kh6 56. Ra7 Ra2 57. Re7 g5 58. Re6+
Kh5 59. Kg1 g4 60. hxg4+ Kxg4 61. Rh6 Kg3 62. Kf1 Rh2 63. Ra6 Rf2+ 64. Ke1 Ra2
65. Rh6 Rh2 66. Ra6 Rh5 67. Re6 Kf4 68. Rf6+ Ke3 69. Re6+ Kd3 70. Rd6+ Kc4 71.
Rc6+ Kb5 72. Re6 Rh2 73. Re5+ Kb4 74. Re4+ Kb3 75. Re5 a4 76. Re3+ Kb2 77. Re7
a3 78. Rb7+ Kc1 79. Rc7+ Kb1 80. Rb7+ Kc2 81. Ra7 Kb3 82. Rb7+ Ka2 83. Kf1 Ka1
84. Kg1 Rh4 85. Kf2 a2 86. Kg3 Rh1 87. Kg2 Rh5 88. Kf3 h6 89. Rb6 Rh2 90. Kg3
Rh1 91. Kg2 Rc1 92. Rxh6 Rc2+ 93. Kg3 Kb1 94. Ra6 a1=Q 95. Rxa1+ Kxa1 96. Kf3
Rc4 97. Ke3 Rb4 98. Kf3 Kb1 99. Ke3 Kc2 100. Kf3 Kd2 101. Kf2 Rb3 102. Kg1 Ke2
103. Kg2 Rc3 104. Kg1 Kf3 105. Kh2 Rc1 106. Kh3 106... Rh1# {JSBach checkmated}
0-1

[Event "ICS Rated blitz match"]
[Site "207.99.83.229"]
[Date "1999.06.23"]
[Round "?"]
[White "Hossa"]
[Black "ReBach"]
[Result "1-0"]
[WhiteElo "2308"]
[BlackElo "1285"]
[PlyCount "51"]

1. e4 Nc6 2. Nf3 Nf6 3. Nc3 d6 4. d4 Be6 5. d5 Nxe4 6. Nxe4 Bf5 7. Ng3 g6 8.
dxc6 bxc6 9. Nxf5 gxf5 10. Ba6 e5 11. Bb7 Bg7 12. Bxc6+ Ke7 13. Bxa8 Qxa8 14.
O-O Qe4 15. Ng5 Qb7 16. Qh5 Kd8 17. Nxf7+ Kd7 18. Nxh8 Bxh8 19. Qxh7+ Kc8 20.
Qxh8+ Kd7 21. Qh7+ Ke6 22. Qg6+ Ke7 23. Qxf5 Qc6 24. Bg5+ Ke8 25. Qe6+ Kf8 26.
Bh6# {ReBach checkmated} 1-0

[Event "ICS Rated blitz match"]
[Site "207.99.83.229"]
[Date "1999.06.23"]
[Round "?"]
[White "Beadle"]
[Black "Hossa"]
[Result "1-0"]
[WhiteElo "2584"]
[BlackElo "2317"]
[PlyCount "68"]

1. d4 Nf6 2. c4 e6 3. Nc3 Bb4 4. Qc2 d5 5. e3 Bxc3+ 6. bxc3 c5 7. cxd5 exd5 8.
dxc5 O-O 9. Ba3 Nc6 10. Rb1 Qa5 11. Bb4 Qc7 12. Bd3 Bg4 13. h3 Bh5 14. Ne2 Ne5
15. Nf4 Nxd3+ 16. Qxd3 a5 17. Ba3 Rfd8 18. Rb6 Bg6 19. Qb5 Rdb8 20. Rxf6 gxf6
21. Nxd5 Qd8 22. Qc4 Ra6 23. O-O Re6 24. f3 Re5 25. e4 Re6 26. Qd4 Rc6 27. Bc1
f5 28. exf5 Bxf5 29. Qe5 Bd3 30. Ne7+ Qxe7 31. Qxe7 Bxf1 32. Kxf1 Re6 33. Qc7
Rbe8 34. Bd2 34... R8e7 {Hossa resigns} 1-0

[Event "ICS Rated blitz match"]
[Site "207.99.83.229"]
[Date "1999.06.23"]
[Round "?"]
[White "Hossa"]
[Black "egya"]
[Result "1-0"]
[WhiteElo "2311"]
[BlackElo "2040"]
[PlyCount "39"]

1. e4 d6 2. d4 c6 3. Nc3 b5 4. Bd3 Nd7 5. Nf3 a6 6. O-O Bb7 7. a4 b4 8. Na2 a5
9. c3 c5 10. Bf4 Ngf6 11. cxb4 axb4 12. dxc5 Nxc5 13. Bb5+ Nfd7 14. Nxb4 Bxe4
15. Re1 Bb7 16. Bxd6 Ne4 17. Ne5 Qb6 18. Bxd7+ Kd8 19. Nxf7+ Kxd7 20. Bc5+ {
egya resigns} 1-0

[Event "ICS Rated blitz match"]
[Site "207.99.83.229"]
[Date "1999.06.23"]
[Round "?"]
[White "Secret"]
[Black "Hossa"]
[Result "1-0"]
[WhiteElo "2685"]
[BlackElo "2317"]
[PlyCount "68"]

1. e4 c5 2. Nf3 Nc6 3. d4 cxd4 4. Nxd4 Nf6 5. Nc3 d6 6. Bg5 e6 7. Qd2 Be7 8.
O-O-O O-O 9. Nb3 a5 10. a4 d5 11. Bb5 Nxe4 12. Nxe4 dxe4 13. Qxd8 Bxd8 14. Bxd8
Nxd8 15. Nc5 f5 16. Rd6 e5 17. Bc4+ Nf7 18. Nd7 Bxd7 19. Rxd7 Rab8 20. Re7 Rbc8
21. Bb3 b6 22. Rd1 f4 23. Rdd7 Rfd8 24. Ra7 Ra8 25. Rxa8 Rxa8 26. Rxf7 Kh8 27.
Re7 f3 28. gxf3 exf3 29. Rb7 e4 30. Kd2 Re8 31. Rxb6 e3+ 32. fxe3 Rf8 33. Ke1
g5 34. Rb5 34... h6 {Hossa resigns} 1-0

[Event "ICS Rated standard match"]
[Site "207.99.83.229"]
[Date "1999.06.23"]
[Round "?"]
[White "Idiota"]
[Black "Hossa"]
[Result "0-1"]
[WhiteElo "2109"]
[BlackElo "2204"]
[PlyCount "52"]

1. e4 c5 2. Nf3 Nc6 3. d4 cxd4 4. Nxd4 e5 5. Nb5 d6 6. N1c3 a6 7. Na3 b5 8. Nd5
Nce7 9. c4 Nxd5 10. Qxd5 Ra7 11. cxb5 Nf6 12. Qc4 d5 13. exd5 Bxa3 14. bxa3 O-O
15. bxa6 Bxa6 16. Qa4 Qxd5 17. Be3 Bxf1 18. Bxa7 Bxg2 19. Rg1 Bf3 20. Rc1 Rd8
21. Be3 Qd3 22. Rxg7+ Kxg7 23. Bh6+ Kg6 24. Qc2 Qxc2 25. Bd2 Qxd2+ 26. Kf1
26... Qxc1# {Idiota checkmated} 0-1

[Event "ICS rated blitz match"]
[Site "207.99.83.229"]
[Date "1999.06.23"]
[Round "?"]
[White "Hossa"]
[Black "Lundbotanmats"]
[Result "1-0"]
[WhiteElo "2314"]
[BlackElo "2130"]
[PlyCount "67"]

1. e4 e6 2. d4 d5 3. Nc3 Bb4 4. e5 c5 5. a3 Bxc3+ 6. bxc3 Ne7 7. Qg4 Qc7 8.
Qxg7 Rg8 9. Qxh7 cxd4 10. Ne2 Nbc6 11. f4 Bd7 12. Bb2 dxc3 13. Bxc3 O-O-O 14.
O-O-O Kb8 15. Qxf7 Nf5 16. Rd3 d4 17. Nxd4 Ncxd4 18. Bxd4 Nxd4 19. Rxd4 Rc8 20.
Bc4 Rxg2 21. Rxd7 Rxc2+ 22. Kb1 Qb6+ 23. Kxc2 Rxc4+ 24. Kd3 Qb3+ 25. Ke2 Rc2+
26. Rd2 Qc4+ 27. Ke1 Rc1+ 28. Kf2 Qc5+ 29. Kg3 Qe3+ 30. Kg4 Qxd2 31. Qf8+ Rc8
32. Qd6+ Ka8 33. Qxd2 Rc7 34. Qd8+ {Lundbotanmats resigns} 1-0

[Event "ICS rated blitz match"]
[Site "207.99.83.229"]
[Date "1999.06.23"]
[Round "?"]
[White "IndianTal"]
[Black "Hossa"]
[Result "0-1"]
[WhiteElo "2194"]
[BlackElo "2322"]
[PlyCount "52"]

1. e4 c5 2. Nf3 Nc6 3. d4 cxd4 4. Nxd4 e5 5. Nb5 d6 6. N1c3 a6 7. Na3 b5 8. Nd5
Nce7 9. c4 Nxd5 10. exd5 bxc4 11. Nxc4 Nf6 12. Bg5 Be7 13. Bxf6 gxf6 14. Be2
O-O 15. O-O Rb8 16. f4 e4 17. f5 Rb5 18. b3 Bb7 19. Ne3 Qb6 20. Bxb5 Qxe3+ 21.
Kh1 axb5 22. Qg4+ Kh8 23. Rae1 Qd2 24. Rxe4 Rg8 25. Qe2 Qxd5 26. Rxe7 26...
Rxg2 {IndianTal resigns} 0-1

[Event "ICS rated standard match"]
[Site "207.99.83.229"]
[Date "1999.06.23"]
[Round "?"]
[White "Hossa"]
[Black "postal"]
[Result "1-0"]
[WhiteElo "2216"]
[BlackElo "1948"]
[PlyCount "61"]

1. e4 c5 2. Nf3 Nc6 3. Bb5 Qb6 4. Nc3 a6 5. Ba4 e6 6. O-O Nge7 7. d3 Ng6 8. Nd2
Qc7 9. f4 b5 10. Bb3 Nd4 11. f5 Ne5 12. fxe6 dxe6 13. a4 c4 14. dxc4 bxc4 15.
Ba2 Bc5 16. Kh1 Ba7 17. Ncb1 Bb7 18. c3 Nb3 19. Bxb3 cxb3 20. Qe2 Qb6 21. Ra3
Rd8 22. Rxb3 Qc6 23. Qh5 Ng6 24. c4 O-O 25. Rh3 h6 26. b3 Rd4 27. Bb2 Rxe4 28.
Nxe4 Qxe4 29. Qf3 Rd8 30. Qxf7+ Kh7 31. Qxg7# {postal checkmated} 1-0

[Event "ICS rated blitz match"]
[Site "207.99.83.229"]
[Date "1999.06.23"]
[Round "?"]
[White "Lundbotanmats"]
[Black "Hossa"]
[Result "1-0"]
[WhiteElo "2145"]
[BlackElo "2332"]
[PlyCount "157"]

1. d4 Nf6 2. Nf3 g6 3. c4 Bg7 4. Nc3 O-O 5. e4 d6 6. Be2 e5 7. dxe5 dxe5 8.
Qxd8 Rxd8 9. Bg5 Re8 10. Nd5 Nxd5 11. cxd5 f5 12. Nd2 h6 13. Be3 f4 14. Bc5 Rd8
15. Bc4 Kh8 16. O-O-O Bf6 17. Kb1 Nd7 18. Ba3 Nb6 19. Bb3 Bg4 20. f3 Bd7 21.
Nc4 Bb5 22. Nxb6 axb6 23. Rc1 Bd3+ 24. Ka1 Rd7 25. Bc4 Bxc4 26. Rxc4 h5 27.
Rhc1 Bd8 28. Kb1 Kg8 29. Bb4 Kh7 30. Bc3 Bf6 31. b3 Re8 32. Bb2 Ree7 33. Ba3
Rg7 34. Rd1 b5 35. Rcc1 Rd8 36. Bb2 b6 37. Rc6 Rf7 38. d6 Bg7 39. Rxc7 Rxd6 40.
Rxd6 Rxc7 41. Rxb6 Rd7 42. Rxb5 Rd2 43. Bxe5 Bxe5 44. Rxe5 Rxg2 45. a4 Rf2 46.
a5 Rxf3 47. Kb2 Rf2+ 48. Ka3 Rxh2 49. a6 Rc2 50. a7 Rc8 51. b4 Ra8 52. Re7+ Kh6
53. b5 h4 54. b6 f3 55. Rf7 g5 56. Rxf3 g4 57. Rf1 g3 58. Kb4 g2 59. Rg1 Kh7
60. Rxg2 Re8 61. Rg4 Kh6 62. Rxh4+ Kg5 63. Rh1 Rxe4+ 64. Kb5 Re5+ 65. Ka6 Re8
66. Rc1 Kh5 67. Rc6 Re3 68. b7 Ra3+ 69. Kb6 Rb3+ 70. Kc7 Re3 71. b8=Q Re7+ 72.
Kb6 Kg4 73. Qg8+ Kh5 74. Qg6+ Kh4 75. Qf6+ Kg3 76. Qxe7 Kf4 77. Rf6+ Kg4 78.
Qg7+ Kh4 79. Rh6# {Hossa checkmated} 1-0

[Event "ICS Rated bullet match"]
[Site "207.99.83.229"]
[Date "1999.06.23"]
[Round "?"]
[White "Amateur"]
[Black "Hossa"]
[Result "0-1"]
[WhiteElo "2423"]
[BlackElo "2458"]
[PlyCount "128"]

1. e4 c5 2. Nf3 Nc6 3. d4 cxd4 4. Nxd4 e5 5. Nb5 d6 6. c4 Nf6 7. Bg5 Be7 8.
Bxf6 gxf6 9. Nd2 f5 10. Bd3 fxe4 11. Bxe4 a6 12. Nc3 Bg5 13. Bxc6+ bxc6 14.
Nde4 Be7 15. O-O O-O 16. Qf3 Rb8 17. b3 f5 18. Nd2 e4 19. Qh3 Bh4 20. Ne2 f4
21. g4 fxg3 22. Qg2 Bf6 23. Rad1 Kh8 24. hxg3 e3 25. Ne4 Be7 26. fxe3 Bg4 27.
Rf4 Qd7 28. Nc5 Qc8 29. Rxf8+ Bxf8 30. Ne4 Qe8 31. Kf1 Qh5 32. Nf4 Qe5 33. Re1
Re8 34. Nf2 Bd7 35. Qh2 Qb2 36. Ng6+ Kg8 37. Nxf8 Rxf8 38. Re2 Qb1+ 39. Kg2 Bg4
40. Rd2 Bf3+ 41. Kh3 Rf6 42. g4 Rh6+ 43. Kg3 Rxh2 44. Kxh2 Qe1 45. Rc2 Qxe3 46.
c5 dxc5 47. a4 Bd5 48. b4 cxb4 49. Nd3 Qxd3 50. Rb2 Qe4 51. Kh3 Qe3+ 52. Kh4
Qe1+ 53. Kh5 Qe5+ 54. Kh4 Qxb2 55. Kg3 Qa3+ 56. Kf4 Qxa4 57. Ke5 b3 58. g5 b2
59. g6 hxg6 60. Kd6 Qb4+ 61. Kc7 Qe7+ 62. Kc8 Be6+ 63. Kb8 b1=Q+ 64. Ka8 64...
Qeb7# {Amateur checkmated} 0-1

[Event "ICS rated blitz match"]
[Site "207.99.83.229"]
[Date "1999.06.23"]
[Round "?"]
[White "Hossa"]
[Black "champion-10"]
[Result "1-0"]
[WhiteElo "2308"]
[BlackElo "2065"]
[PlyCount "55"]

1. d4 e6 2. c4 c5 3. Be3 cxd4 4. Bxd4 Nc6 5. Nf3 Nxd4 6. Qxd4 Nf6 7. Nbd2 Be7
8. e4 d6 9. Bd3 O-O 10. O-O Nd7 11. Qc3 Bf6 12. Qc2 Ne5 13. Nxe5 Bxe5 14. Nf3
Bf6 15. e5 dxe5 16. Bxh7+ Kh8 17. Rad1 Qa5 18. a4 b6 19. Be4 Rb8 20. Bc6 Qc5
21. Qe4 Ba6 22. b3 g6 23. Rd7 Kg7 24. Re1 Qb4 25. Rxa7 Bc8 26. Nxe5 Qxb3 27.
Qxg6+ Kh8 28. Rxf7 {champion-10 resigns} 1-0

[Event "ICS Rated standard match"]
[Site "207.99.83.229"]
[Date "1999.06.23"]
[Round "?"]
[White "sss20"]
[Black "Hossa"]
[Result "1-0"]
[WhiteElo "2197"]
[BlackElo "2222"]
[PlyCount "92"]

1. e4 c5 2. Nf3 Nc6 3. d4 cxd4 4. Nxd4 e5 5. Nb5 d6 6. c4 Nf6 7. Bg5 Be7 8.
Bxf6 gxf6 9. N1c3 f5 10. Nd5 O-O 11. exf5 Bxf5 12. Bd3 e4 13. Bc2 Bf6 14. Rb1
Be5 15. Nbc3 Qg5 16. Ne3 Bd4 17. h4 Qg6 18. h5 Qg5 19. Nxf5 Qxf5 20. O-O Bxc3
21. bxc3 Rab8 22. Qd5 Qf4 23. Qxe4 Qh6 24. Qf5 Rfe8 25. Rfe1 Re6 26. Rxe6 fxe6
27. Qe4 a5 28. Bd1 Qf6 29. Bg4 e5 30. Bc8 Qe7 31. Qg4+ Kh8 32. Bxb7 Nd8 33. Be4
Rxb1+ 34. Bxb1 Ne6 35. Qe4 Qc7 36. h6 Nf8 37. Qf3 Qe7 38. a4 Ne6 39. c5 Qg5 40.
g3 dxc5 41. Qa8+ Nd8 42. Qd5 Qe7 43. Ba2 Nf7 44. Qxf7 Qxf7 45. Bxf7 e4 46. Ba2
46... c4 {Hossa resigns} 1-0

[Event "ICS rated standard match"]
[Site "207.99.83.229"]
[Date "1999.06.23"]
[Round "?"]
[White "Hossa"]
[Black "SPIKE-1"]
[Result "0-1"]
[WhiteElo "2205"]
[BlackElo "2315"]
[PlyCount "66"]

1. d4 d5 2. c4 e6 3. Nc3 Nf6 4. Bg5 Be7 5. e3 O-O 6. Nf3 Nbd7 7. Be2 dxc4 8.
Bxc4 c5 9. O-O a6 10. Rc1 b5 11. Bd3 Bb7 12. Ne5 cxd4 13. exd4 b4 14. Na4 Qa5
15. f4 Rfc8 16. Rxc8+ Rxc8 17. Nxd7 Qd5 18. Rf2 Qxd7 19. Nb6 Qxd4 20. Nxc8 Bc5
21. Bh4 Ne4 22. Qa4 g5 23. Qc2 gxh4 24. Bxe4 Bxe4 25. Qe2 Qd8 26. Qxa6 Qd2 27.
Ne7+ Kg7 28. Qf1 h3 29. gxh3 Qxf4 30. Qe1 Qf3 31. Nf5+ exf5 32. Kf1 Qxh3+ 33.
Kg1 33... Qg2# {Hossa checkmated} 0-1

[Event "ICS rated blitz match"]
[Site "207.99.83.229"]
[Date "1999.06.23"]
[Round "?"]
[White "Hossa"]
[Black "fidelito"]
[Result "1-0"]
[WhiteElo "2314"]
[BlackElo "2293"]
[PlyCount "63"]

1. e4 e5 2. Nf3 Nc6 3. Bb5 Bc5 4. c3 f5 5. Bxc6 dxc6 6. Nxe5 Bd6 7. Qh5+ g6 8.
Nxg6 Nf6 9. Qh6 Rg8 10. Nf4 fxe4 11. Nh5 Rg6 12. Nxf6+ Qxf6 13. Qxh7 Rxg2 14.
Qxe4+ Qe7 15. Qxe7+ Kxe7 16. h4 Bf5 17. d4 Kf7 18. Be3 Rag8 19. Nd2 Rg1+ 20.
Ke2 Bg4+ 21. f3 Rg2+ 22. Kd1 Bh5 23. Kc2 Bxf3 24. Raf1 R8g3 25. Kd3 Rxd2+ 26.
Bxd2 Ke6 27. Be1 Bxh1+ 28. Bxg3 Bg2 29. Re1+ Kf6 30. Bxd6 cxd6 31. h5 Kg5 32.
Rg1 {fidelito resigns} 1-0

[Event "ICS rated blitz match"]
[Site "207.99.83.229"]
[Date "1999.06.23"]
[Round "?"]
[White "wimpy"]
[Black "Hossa"]
[Result "0-1"]
[WhiteElo "2139"]
[BlackElo "2329"]
[PlyCount "54"]

1. e4 c5 2. Nf3 e6 3. d4 cxd4 4. Nxd4 Nf6 5. Nc3 Nc6 6. Be3 Bb4 7. f3 Bxc3+ 8.
bxc3 Ne7 9. e5 Nfd5 10. Nb5 Nxe3 11. Nd6+ Kf8 12. Qd2 Qb6 13. c4 Nxc2+ 14. Qxc2
Qa5+ 15. Qd2 Qxe5+ 16. Kf2 Qxa1 17. g4 e5 18. Nb5 Qb1 19. Bg2 Qg6 20. h4 Qb6+
21. Kg3 d5 22. Rd1 d4 23. Re1 a6 24. Rxe5 axb5 25. c5 Qf6 26. Qxd4 Nc6 27. Qd6+
27... Qxd6 {wimpy resigns} 0-1

[Event "ICS rated standard match"]
[Site "207.99.83.229"]
[Date "1999.06.23"]
[Round "?"]
[White "Hossa"]
[Black "AliP"]
[Result "1-0"]
[WhiteElo "2194"]
[BlackElo "2004"]
[PlyCount "65"]

1. e4 e5 2. Nf3 Nc6 3. Bb5 Bc5 4. c3 d6 5. d4 exd4 6. cxd4 Bb4+ 7. Kf1 a6 8.
Bxc6+ bxc6 9. Qa4 Rb8 10. a3 Qe7 11. e5 dxe5 12. axb4 Rxb4 13. Qxc6+ Kd8 14.
dxe5 Bb7 15. Qc3 Rb6 16. Nbd2 Nh6 17. Nc4 Rc6 18. Bg5 f6 19. exf6 gxf6 20. Bxh6
Qe4 21. Bg7 Rg8 22. Bxf6+ Kc8 23. Bd4 Qg4 24. Ne3 Qe4 25. Bc5 Rcg6 26. h4 Rxg2
27. Nxg2 Qg4 28. Nge1 Bxf3 29. Qxf3 Qc4+ 30. Qe2 Qxc5 31. Qe6+ Kb7 32. Qxa6+
Kb8 33. Qa8# {AliP checkmated} 1-0

[Event "ICS rated blitz match"]
[Site "207.99.83.229"]
[Date "1999.06.23"]
[Round "?"]
[White "Hossa"]
[Black "marlborough"]
[Result "1-0"]
[WhiteElo "2337"]
[BlackElo "1962"]
[PlyCount "71"]

1. e4 c5 2. Nf3 d6 3. Bb5+ Bd7 4. Bxd7+ Qxd7 5. O-O g6 6. d4 cxd4 7. Qxd4 Nf6
8. Bg5 Nc6 9. Qc4 Bg7 10. Nc3 O-O 11. Nd5 Nxd5 12. exd5 Ne5 13. Nxe5 Bxe5 14.
c3 Rac8 15. Qh4 Rfe8 16. f4 Bg7 17. Rad1 Rc5 18. Rd3 Qf5 19. Rh3 h5 20. Bxe7
Rxd5 21. b4 a6 22. Re3 a5 23. a3 Qc2 24. Qh3 Rd1 25. Qd7 Rxf1+ 26. Kxf1 Qd1+
27. Re1 Qd3+ 28. Re2 Qd1+ 29. Kf2 Ra8 30. Qxb7 Re8 31. Qd7 Ra8 32. Qc6 Rb8 33.
Qxd6 Qxd6 34. Bxd6 Rd8 35. Be5 axb4 36. axb4 {marlborough resigns} 1-0

[Event "ICS rated standard match"]
[Site "207.99.83.229"]
[Date "1999.06.23"]
[Round "?"]
[White "RETI"]
[Black "Hossa"]
[Result "1-0"]
[WhiteElo "2623"]
[BlackElo "2202"]
[PlyCount "122"]

1. e4 c5 2. Nc3 Nc6 3. g3 g6 4. d3 Bg7 5. Bg2 Nf6 6. Nge2 d6 7. O-O O-O 8. h3
Be6 9. Be3 Qb6 10. Rb1 Qa5 11. a3 Qc7 12. f4 Qc8 13. g4 Qe8 14. Ng3 Bc8 15. e5
dxe5 16. fxe5 Nxe5 17. Bxc5 Nfd7 18. Be3 Nc6 19. Qd2 Nd4 20. Qf2 Ne6 21. d4 a5
22. Rbe1 Nc7 23. Qd2 Nb6 24. b3 a4 25. bxa4 Nc4 26. Qe2 Nxe3 27. Qxe3 Ne6 28.
Nge2 Qd7 29. Rd1 Ra5 30. Rd2 b6 31. Rb1 Qd6 32. Nb5 Qd8 33. Rb4 Bf6 34. Rd3 Bh4
35. c4 Ra6 36. Rdb3 Kh8 37. Bd5 Ng5 38. Nf4 e6 39. Bc6 f5 40. Ng2 fxg4 41. Qe5+
Kg8 42. Nxh4 Nxh3+ 43. Rxh3 gxh3 44. Nf3 Qe7 45. Qg3 Qg7 46. Ne5 Qh6 47. Kh2
Rf5 48. Rb2 Qc1 49. Rf2 Rxa4 50. Be4 Rg5 51. Ng4 Rxg4 52. Qxg4 Qh6 53. Qg3 Qg7
54. Qd6 h6 55. Bxg6 Qxg6 56. Qf8+ Kh7 57. Rf7+ Qxf7 58. Qxf7+ Kh8 59. Qf8+ Kh7
60. Qxc8 Kg7 61. Qxe6 61... h5 {Hossa resigns} 1-0

[Event "ICS Rated standard match"]
[Site "207.99.83.229"]
[Date "1999.06.24"]
[Round "?"]
[White "MikeCantrell"]
[Black "Hossa"]
[Result "1-0"]
[WhiteElo "2293"]
[BlackElo "2199"]
[PlyCount "90"]

1. e4 c5 2. c3 e6 3. d4 cxd4 4. Nf3 dxc3 5. Nxc3 Nc6 6. Be2 Bb4 7. O-O Bxc3 8.
bxc3 Nge7 9. Qd6 O-O 10. Ba3 Ng6 11. Qd2 Re8 12. Bd6 Qf6 13. Rfd1 e5 14. Bc4
Nf4 15. g3 Qg6 16. Qe3 Nh3+ 17. Kg2 Qg4 18. Rab1 b6 19. Kf1 Bb7 20. Be2 Qe6 21.
c4 Nd4 22. Nxd4 exd4 23. Qxd4 Bxe4 24. Rb5 Bd5 25. Rd2 Bh1 26. Re5 Qg6 27. Bd3
Qh6 28. Be4 Bxe4 29. Qxe4 Rec8 30. Qd5 g6 31. f4 g5 32. fxg5 Qh5 33. Kg2 Kg7
34. g6 Qxg6 35. Kxh3 Kh8 36. Rf5 Qe6 37. Be5+ Kg8 38. Qxe6 dxe6 39. Rg5+ Kf8
40. Bd6+ Ke8 41. Rg8+ Kd7 42. Bb8+ Kc6 43. Rxc8+ Kb7 44. Rc7+ Ka6 45. Rd3 45...
Ka5 {Hossa resigns} 1-0

[Event "ICS rated standard match"]
[Site "207.99.83.229"]
[Date "1999.06.24"]
[Round "?"]
[White "Hossa"]
[Black "RAGINGGOOSE"]
[Result "0-1"]
[WhiteElo "2195"]
[BlackElo "2061"]
[PlyCount "131"]

1. e4 c5 2. Nc3 Nc6 3. g3 g6 4. d3 d6 5. Bg2 Bg7 6. Bg5 Be6 7. Nf3 h6 8. Bf4
Qb6 9. Qc1 g5 10. Be3 Nf6 11. O-O O-O-O 12. Rb1 Nd7 13. a3 Qa5 14. Nd5 g4 15.
Nd2 Qa4 16. b3 Qa6 17. b4 Qa4 18. bxc5 dxc5 19. Rd1 b6 20. Kh1 Kb7 21. Nc4 h5
22. Ncxb6 axb6 23. Nxb6 Nxb6 24. Bxc5 Rb8 25. Rxb6+ Kc7 26. Rxb8 Rxb8 27. d4
Bxd4 28. Bxd4 Nxd4 29. Qf4+ Kc8 30. Qe5 Nc6 31. Qh8+ Kc7 32. Qc3 Qc4 33. Qxc4
Bxc4 34. Bf1 Bxf1 35. Rxf1 Ne5 36. Rc1 Rb2 37. Kg2 Ra2 38. h3 Rxa3 39. hxg4
hxg4 40. Kf1 Ra4 41. Re1 Rc4 42. Rc1 Rxe4 43. c3 Kd6 44. Rc2 Nf3 45. Rc1 Kd5
46. Rd1+ Kc4 47. Rc1 Re6 48. Ra1 Kxc3 49. Rd1 Ra6 50. Kg2 Rh6 51. Rc1+ Kd3 52.
Ra1 Rh2+ 53. Kf1 Rh1+ 54. Kg2 Rg1+ 55. Rxg1 Nxg1 56. Kxg1 Ke2 57. Kg2 e5 58.
Kg1 f5 59. Kg2 f4 60. f3 gxf3+ 61. Kh3 fxg3 62. Kg4 g2 63. Kg5 g1=Q+ 64. Kf6 f2
65. Kxe5 f1=Q 66. Ke6 {Hossa resigns} 0-1